000 00489nam a2200193 a 4500
001 6158
003 CO-ViMGA
008 141112s2004 ck r 000 u spa d
040 _aCO-ViMGA
_bspa
_cCO-ViMGA
082 0 4 _a658.8 B337
100 1 _aBeer, Michael
_94818
245 1 0 _aComo vender de otra manera :
_brompiendo las reglas
260 _aBarcelona :
_bGranica,
_c1993
300 _a224 p
490 _aManagement
650 1 4 _aMERCADOTECNIA
650 1 4 _aVENTAS
942 _2ddc
_cBK
999 _c18132
_d18132